000 00601nam a2200217Ia 4500
003 OSt
005 20220926000357.0
006 a|||||r|||| 00| 0
007 ta
008 220923b |||||||| |||| 00| 0 eng d
037 _cGeneral Book
040 _aRTL
_cRTL
_beng
041 _2eng
_aeng
082 _aX:75.2, M3/SC
100 _aDUBHASHI P R
_9121749
245 0 _aGrammer of planning
_b Concepts and application.
260 _a New Delhi
_bI I P A
_c1983
300 _avii,122p.
_ccm.
942 _hX:75.2, M3/SC
_cGB
_2CC
999 _c598922
_d598922